000 01011nam a2200277Ia 4500
003 OSt
005 20221005104919.0
006 a|||||r|||| 00| 0
007 ta
008 221004b |||||||| |||| 00| 0 hin d
020 _a9789384755386 (hbk)
_cINR 299.00
024 _a64666
037 _bGV728, 11/03/2020, Vani Prakashan
_cTextual
040 _aCRL
_cCRL
_bhin
041 _2hin
_ahin
082 _aO152,3x, Q9
100 _aमोपासां, गाई द, ले.
_9623844
245 0 _aमानव हृदय की कहानियॉं
246 _aMānav hṛudaya kī kahāniyaॉan
260 _aदिल्ली
_bसुमित बुक्स भारत
_c2019
300 _a128पृ0
_ccm.
650 _a हिन्दी साहित्य
650 _aहिन्दी कहानी
942 _hO152,3x, Q9
_cTEXL
_2cc
999 _c1014175
_d1014175